000 00938nam a2200217 a 4500
001 011360
003 BD-ChCU
008 Ben
020 _a৮১৮৬৫৫২১৭০
040 _aDLC
_cDLC
_dBD-ChCU
082 0 0 _a১৯০/রাসে৫৮পা
100 1 _aরাসেল, বাটর্্রান্ড
_b-
245 1 0 _aপাশ্চাত্য দর্শনের ইতিহাস এবং প্রাচীনতম যুগ থেকে বর্তমান যুগ পর্যন্ত রাজনৈতিক ও সামাজিক পরিস্থিতির সংগে এর সম্পর্ক
_b-
250 _a***
260 _aকলিকাতা
_bবাউলমন
_c১৯৯১
300 _a**
504 _a- Biblio-
650 0 _aদর্শন পাশ্চাত্য
_bদর্শন পাশ্চাত্য
700 1 _a-
942 _2ddc
_cBK
999 _c11360
_d11360